[Event "Sparkassen-Open A"]
[Site "Heusenstamm, Martinsee"]
[Date "2015.11.28"]
[Round "5.30"]
[White "Zimmer, Gerald"]
[Black "Pawelzik, Malte"]
[Result "0-1"]
[WhiteElo "1923"]
[BlackElo "2056"]
[PlyCount "126"]
[EventDate "2015.??.??"]
[WhiteTeam "SC Bergen-Enkheim"]
[BlackTeam "SC Garching"]

1. d4 Nf6 2. Nf3 g6 3. g3 Bg7 4. Bg2 d5 5. c4 c6 6. cxd5 cxd5 7. Nc3 Ne4 8. Qb3
Nxc3 9. bxc3 Nc6 10. O-O O-O 11. a4 Na5 12. Qa2 b6 13. Nd2 Be6 14. Ba3 Rc8 15.
Rac1 Qd7 16. Bb4 Nc4 17. Nxc4 Rxc4 18. Qa3 a5 19. Bxe7 Rxa4 20. Qd6 Qxd6 21.
Bxd6 Rc8 22. Rb1 Rc6 23. Be7 Rxc3 24. e3 Rc6 25. Rb5 Bf8 26. Bxf8 Kxf8 27. Bxd5
Bxd5 28. Rxd5 Rb4 29. Rd7 Ke8 30. Rb7 a4 31. d5 Rd6 32. Rc1 Rd7 33. Rb8+ Ke7
34. Rd1 b5 35. e4 Rxe4 36. Rxb5 Ra7 37. d6+ Kd7 38. Rb8 Re6 39. Rf8 Rf6 40. Re1
Ra6 41. Ra1 Kxd6 42. Rb8 Rf5 43. Ra3 Kc5 44. Kg2 h5 45. h4 Ra7 46. f4 Kc4 47.
Rb2 Rb5 48. Rc2+ Kb4 49. Rcc3 Rc5 50. Re3 Rc4 51. Rad3 Rac7 52. Rd8 Rc2+ 53.
Kh3 R2c3 54. Rb8+ Ka3 55. Re5 Ka2 56. Ra8 a3 57. Re2+ Rc2 58. Re4 f5 59. Re6
Rb2 60. Re3 Rb3 61. Re2+ Kb1 62. Re1+ Rc1 63. Re6 Rb2 0-1

[Event "Sparkassen-Open A"]
[Site "Heusenstamm, Martinsee"]
[Date "2015.11.28"]
[Round "5.31"]
[White "Völler, Lothar"]
[Black "Kolker, Vladislav"]
[Result "0-1"]
[WhiteElo "1738"]
[BlackElo "2029"]
[PlyCount "76"]
[EventDate "2015.??.??"]
[WhiteTeam "FS Dortmund"]
[BlackTeam "SC Bad Nauheim"]

1. c4 Nf6 2. Nc3 g6 3. d4 Bg7 4. g3 O-O 5. Bg2 d6 6. Nf3 Nc6 7. O-O a6 8. a3
Na5 9. Nd2 c5 10. b4 cxd4 11. Na4 Nc6 12. Bb2 e5 13. c5 Bf5 14. cxd6 Qxd6 15.
Nc4 Qe7 16. Ncb6 Rad8 17. Nc5 Qc7 18. Nba4 Bc8 19. Bc1 b6 20. Ne4 Nxe4 21. Bxe4
Bb7 22. f4 f5 23. Qb3+ Kh8 24. Bg2 e4 25. Bb2 Rd6 26. Rac1 Rfd8 27. e3 R8d7 28.
exd4 Qd8 29. Rc4 b5 30. Rxc6 bxa4 31. Rxd6 axb3 32. Rxd7 Qxd7 33. Rd1 h5 34.
Bf1 e3 35. Bc4 Qc6 36. d5 Qxc4 37. Bxg7+ Kxg7 38. d6 Qe2 0-1

[Event "Sparkassen-Open A"]
[Site "Heusenstamm, Martinsee"]
[Date "2015.11.28"]
[Round "5.32"]
[White "Rolf, Marco"]
[Black "Budde, Michael"]
[Result "0-1"]
[WhiteElo "2023"]
[BlackElo "1903"]
[PlyCount "120"]
[EventDate "2015.??.??"]
[WhiteTeam "SK Bad Homburg"]
[BlackTeam "SC Flörsheim"]

1. d4 Nf6 2. c4 c5 3. d5 b5 4. cxb5 a6 5. b6 g6 6. a4 Qxb6 7. Nc3 Bg7 8. a5 Qc7
9. e4 d6 10. Bc4 O-O 11. h3 e6 12. dxe6 Bxe6 13. Bxe6 fxe6 14. Nf3 Nc6 15. Qb3
Rfe8 16. Qb6 Qxb6 17. axb6 Reb8 18. e5 dxe5 19. Na4 Nd4 20. O-O Nxf3+ 21. gxf3
Nd5 22. Bd2 Nxb6 23. Nxc5 Nc4 24. Bc3 Nxb2 25. Nxe6 Rb3 26. Bxb2 Rxb2 27. Rfe1
Bf6 28. f4 exf4 29. Nc7 Rc8 30. Rxa6 Bh4 31. Nd5 Bxf2+ 32. Kf1 Bxe1 33. Ne7+
Kg7 34. Nxc8 Bb4 35. Nb6 g5 36. Nd5 Bc5 37. Rc6 Bd4 38. Rc4 Bf2 39. Nc3 Be3 40.
Nd1 Rh2 41. Nxe3 fxe3 42. Rg4 Kf6 43. Rg3 e2+ 44. Ke1 Kf5 45. Rf3+ Ke4 46. Rg3
Kf4 47. Ra3 h5 48. Rb3 g4 49. hxg4 hxg4 50. Rb4+ Kg3 51. Rb3+ Kh4 52. Rb4 Kh3
53. Rb3+ g3 54. Re3 Kg4 55. Re4+ Kf3 56. Re3+ Kf4 57. Rxe2 Rxe2+ 58. Kxe2 Kg4
59. Kf1 Kh3 60. Kg1 g2 0-1

[Event "Sparkassen-Open A"]
[Site "Heusenstamm, Martinsee"]
[Date "2015.11.28"]
[Round "5.33"]
[White "Büse, Ralf"]
[Black "Klundt, Klaus"]
[Result "0-1"]
[WhiteElo "1962"]
[BlackElo "2320"]
[PlyCount "78"]
[EventDate "2015.??.??"]
[WhiteTeam "SC Groß-Zimmern"]
[BlackTeam "SC Heusenstamm"]

1. d4 Nf6 2. Bf4 d5 3. e3 c5 4. c3 Nc6 5. Nf3 Qb6 6. Qb3 c4 7. Qc2 Bf5 8. Qc1
e6 9. h3 h6 10. Nbd2 Be7 11. b3 cxb3 12. axb3 O-O 13. Be2 Rfc8 14. O-O Nb4 15.
Ne1 Ne4 16. c4 Qd8 17. Nxe4 Bxe4 18. Qd2 a5 19. Bh2 b6 20. f3 Bg6 21. f4 Qd7
22. Nf3 f6 23. Rfc1 Be4 24. Ne1 Bd6 25. Nd3 Qb7 26. Bf1 Rc7 27. Nf2 Bg6 28. g4
Rac8 29. Bg2 Qb8 30. e4 dxc4 31. bxc4 Rxc4 32. Rxc4 Rxc4 33. e5 Rc2 34. Qd1
fxe5 35. fxe5 Be7 36. d5 Bc5 37. d6 Rxf2 38. Kh1 Bc2 39. d7 Be7 0-1

[Event "Sparkassen-Open A"]
[Site "Heusenstamm, Martinsee"]
[Date "2015.11.28"]
[Round "5.34"]
[White "Promyshlyanskyy, Vitaliy"]
[Black "Wolff, Peter"]
[Result "1-0"]
[WhiteElo "2245"]
[BlackElo "1957"]
[PlyCount "93"]
[EventDate "2015.??.??"]
[WhiteTeam "SC Noris-Tarrasch Nürnberg"]
[BlackTeam "VSG Offenbach"]

1. e4 c6 2. d4 d5 3. e5 Bf5 4. Be3 e6 5. Nd2 Nd7 6. Be2 Qb6 7. Nb3 f6 8. Bh5+
Bg6 9. Bxg6+ hxg6 10. Qg4 Kf7 11. Nh3 Nh6 12. Qf3 Re8 13. Nf4 Be7 14. h4 Nf5
15. exf6 gxf6 16. g3 Bd6 17. Ng2 Qa6 18. a3 e5 19. O-O-O Nxe3 20. Nxe3 exd4 21.
Nxd5 cxd5 22. Qxd5+ Kg7 23. Rxd4 Bxa3 24. Qxd7+ Re7 25. Qa4 Qxa4 26. Rxa4 Bd6
27. Rxa7 Rhe8 28. Rf1 Bc7 29. Ra4 Re2 30. Rb4 R8e7 31. Kd1 R2e5 32. c3 Bd6 33.
Rd4 Bb8 34. Rd2 Ba7 35. Nd4 Kf7 36. Kc2 Re4 37. Rfd1 Ke8 38. Nb5 Bc5 39. Nd6+
Bxd6 40. Rxd6 Re2+ 41. R1d2 R2e6 42. Rxe6 Rxe6 43. c4 f5 44. c5 Ke7 45. Kc3 Re4
46. b4 f4 47. Rd4 1-0

[Event "Sparkassen-Open A"]
[Site "Heusenstamm, Martinsee"]
[Date "2015.11.28"]
[Round "5.35"]
[White "Weise, Martin"]
[Black "Müller, Gerhard"]
[Result "1-0"]
[WhiteElo "2155"]
[BlackElo "1938"]
[PlyCount "103"]
[EventDate "2015.??.??"]
[WhiteTeam "SC Fulda"]
[BlackTeam "SV Mainz-Mombach"]

1. d4 Nf6 2. Bg5 g6 3. Bxf6 exf6 4. e3 d5 5. c4 c6 6. Nc3 dxc4 7. Bxc4 Be7 8.
Nge2 O-O 9. O-O Nd7 10. a3 f5 11. Ba2 Nf6 12. Rc1 Bd6 13. Qc2 Ng4 14. g3 g5 15.
Kg2 f4 16. Bb1 f5 17. exf4 gxf4 18. h3 f3+ 19. Kxf3 Nh2+ 20. Kg2 Nxf1 21. Rxf1
Qe7 22. Re1 Qg7 23. f4 Kh8 24. Kh2 Bd7 25. Qd3 Rae8 26. Rd1 Bc7 27. Ng1 Rg8 28.
Qf3 Bb6 29. Nge2 Be6 30. Qd3 Rgf8 31. Ng1 Bc7 32. Nf3 h6 33. Qd2 Rg8 34. Rg1
Re7 35. Ne2 Bd5 36. Nh4 Rge8 37. Nc3 Bc4 38. Nxf5 Qf6 39. Nxe7 Qxe7 40. Bd3 Bd5
41. Nxd5 cxd5 42. Rd1 Kg7 43. Bb5 Rf8 44. Ba4 Bb6 45. Re1 Qf6 46. Re5 Rd8 47.
Qe3 Kf8 48. Qd3 Kg7 49. Bc2 Rh8 50. Qe2 Rf8 51. Qg4+ Kh8 52. Re6 1-0

[Event "Sparkassen-Open A"]
[Site "Heusenstamm, Martinsee"]
[Date "2015.11.28"]
[Round "5.36"]
[White "Pabel, Ralph"]
[Black "Mährlein, Christoph"]
[Result "0-1"]
[WhiteElo "1938"]
[BlackElo "2106"]
[PlyCount "104"]
[EventDate "2015.??.??"]
[WhiteTeam "SK Mainaschaff"]
[BlackTeam "SC Pforzheim"]

1. d4 d5 2. c4 e6 3. e3 c6 4. Nc3 Bd6 5. Qc2 f5 6. Bd3 Nf6 7. Nge2 O-O 8. f3
Qe7 9. Bd2 Nbd7 10. h3 Kh8 11. g4 dxc4 12. Bxc4 Nb6 13. Bd3 Nfd5 14. O-O-O Nb4
15. Qb1 Nxd3+ 16. Qxd3 e5 17. e4 fxe4 18. Nxe4 Be6 19. Bg5 Qc7 20. Nxd6 Qxd6
21. dxe5 Qxe5 22. f4 Qc5+ 23. Qc3 Qc4 24. f5 Na4 25. Qxc4 Bxc4 26. Nd4 Bd5 27.
Rhe1 h6 28. Bh4 Rae8 29. Re7 Rxe7 30. Bxe7 Re8 31. f6 gxf6 32. Nf5 Kh7 33. Bxf6
Nc5 34. Bh4 Re2 35. Ne7 Bxa2 36. Rd6 Bc4 37. g5 hxg5 38. Bxg5 Nd3+ 39. Kd1
Nxb2+ 40. Kc1 Nd3+ 41. Kd1 Nf2+ 42. Kc1 Re1+ 43. Kb2 Be6 44. h4 Re2+ 45. Kc1 a5
46. Bf6 Ng4 47. Bc3 Ne5 48. Rd8 Bb3 49. Bxa5 Rc2+ 50. Kb1 Nc4 51. Rd7 Na3+ 52.
Ka1 Ra2# 0-1

[Event "Sparkassen-Open A"]
[Site "Heusenstamm, Martinsee"]
[Date "2015.11.28"]
[Round "5.37"]
[White "Tornay Gomez, Josu"]
[Black "Weil, Michael"]
[Result "1/2-1/2"]
[WhiteElo "2100"]
[BlackElo "1935"]
[PlyCount "61"]
[EventDate "2015.??.??"]
[WhiteTeam "SC Herborn"]
[BlackTeam "SC Steinbach"]

1. e4 Nf6 2. e5 Nd5 3. d4 d6 4. Nf3 dxe5 5. Nxe5 c6 6. Be2 Nd7 7. Nf3 N7f6 8.
c4 Nb6 9. O-O Bg4 10. Nbd2 e6 11. b3 Be7 12. Bb2 O-O 13. Re1 Qc7 14. Ne5 Bxe2
15. Qxe2 Nbd7 16. Rad1 Rad8 17. Ndf3 Nxe5 18. dxe5 Rxd1 19. Rxd1 Nd7 20. h4 Rd8
21. h5 c5 22. Nd2 Nb8 23. Ne4 Nc6 24. Rxd8+ Qxd8 25. Qd2 Qxd2 26. Nxd2 b6 27.
a3 Bg5 28. Nf3 Bd8 29. Kf1 Na5 30. Nd2 Bg5 31. Ne4 1/2-1/2

[Event "Sparkassen-Open A"]
[Site "Heusenstamm, Martinsee"]
[Date "2015.11.28"]
[Round "5.38"]
[White "Schindelmeiser, Frank"]
[Black "Kreiling, Carsten"]
[Result "1/2-1/2"]
[WhiteElo "1931"]
[BlackElo "2081"]
[PlyCount "54"]
[EventDate "2015.??.??"]
[WhiteTeam "SV Oberursel"]
[BlackTeam "SVG Eppstein"]

1. c4 e6 2. g3 Nf6 3. Bg2 d5 4. Nf3 Be7 5. O-O O-O 6. b3 c5 7. Bb2 Nc6 8. cxd5
Nxd5 9. Nc3 Bf6 10. Qc1 b6 11. Nxd5 exd5 12. d4 Ba6 13. Re1 Nxd4 14. Nxd4 Bxd4
15. Bxd4 cxd4 16. Qd2 Qf6 17. Bxd5 Rad8 18. Be4 Rfe8 19. f3 Qe5 20. Rac1 h5 21.
Kg2 h4 22. gxh4 f5 23. Bd3 Bb7 24. Qg5 Rf8 25. h5 Rf6 26. Kh1 Re8 27. Rg1 Re7
1/2-1/2

[Event "Sparkassen-Open A"]
[Site "Heusenstamm, Martinsee"]
[Date "2015.11.28"]
[Round "5.39"]
[White "Schröder, Jürgen"]
[Black "Winand, Edgar"]
[Result "1-0"]
[WhiteElo "2071"]
[BlackElo "1922"]
[PlyCount "108"]
[EventDate "2015.??.??"]
[WhiteTeam "SC Matt im Park"]
[BlackTeam "SC Flörsheim"]

1. e4 d6 2. d4 g6 3. Nc3 Bg7 4. Nf3 Nc6 5. h3 Bd7 6. Be3 a6 7. a4 e5 8. Bc4 Nf6
9. O-O O-O 10. dxe5 Nxe5 11. Nxe5 dxe5 12. Bg5 h6 13. Bh4 g5 14. Bg3 Qe7 15.
Nd5 Nxd5 16. exd5 Qd6 17. Qe2 f5 18. f3 Rae8 19. Rfe1 Rf7 20. c3 f4 21. Bf2 a5
22. Bd3 c5 23. dxc6 Qxc6 24. Be4 Qf6 25. Bd5 Be6 26. Rad1 Rd7 27. Qc4 Rxd5 28.
Rxd5 Qf7 29. Red1 Bxd5 30. Qxd5 Qxd5 31. Rxd5 e4 32. fxe4 Rxe4 33. Rxa5 Rc4 34.
Kf1 Bf6 35. Ke2 Kf7 36. Kd3 Rc7 37. Rb5 Bd8 38. Bd4 Re7 39. Re5 Rd7 40. Ke4 Bc7
41. Rd5 Re7+ 42. Kf5 Ke8 43. Be5 Bb6 44. Rd6 Rf7+ 45. Rf6 Be3 46. Rxf7 Kxf7 47.
h4 Bc1 48. b4 Ke8 49. hxg5 hxg5 50. a5 Kd7 51. b5 Bd2 52. Ke4 Kc8 53. Bf6 Kd7
54. Kd3 g4 1-0

[Event "Sparkassen-Open A"]
[Site "Heusenstamm, Martinsee"]
[Date "2015.11.28"]
[Round "5.40"]
[White "Werner, Dimo"]
[Black "Thomele, Michael"]
[Result "1-0"]
[WhiteElo "2052"]
[BlackElo "1919"]
[PlyCount "117"]
[EventDate "2015.??.??"]
[WhiteTeam "TSV Schott Mainz"]
[BlackTeam "SC Obernau"]

1. d4 d5 2. Nf3 Nf6 3. c4 e6 4. Nc3 Be7 5. Bg5 c6 6. e3 Nbd7 7. Bd3 dxc4 8.
Bxc4 b5 9. Bd3 a6 10. O-O Bb7 11. Qe2 O-O 12. Rfd1 Rc8 13. Rac1 h6 14. Bh4 Re8
15. Bb1 Qb6 16. Ne5 Nf8 17. Bxf6 Bxf6 18. Ne4 Be7 19. Qh5 f5 20. Qf7+ Kh8 21.
Nc5 Bxc5 22. Rxc5 Qc7 23. f4 Re7 24. Qh5 Kh7 25. Qh4 g6 26. a3 Rg7 27. Nf3 h5
28. Ba2 Qd7 29. Qe1 Re7 30. Rdc1 Qe8 31. Ne5 Nd7 32. Nxd7 Rxd7 33. Re5 Rcc7 34.
Rec5 Re7 35. Qa5 Bc8 36. h4 Kg7 37. g3 Kf6 38. R1c2 Kg7 39. R2c3 Bb7 40. Rc1
Kh6 41. Bb1 Qd8 42. Qc3 Qe8 43. Bd3 Rcd7 44. Be2 Rd5 45. Bf3 Rxc5 46. Qxc5 Rc7
47. Qe5 Rc8 48. Qf6 Qg8 49. Bxh5 Rf8 50. Qg5+ Kh7 51. Bf3 Re8 52. Rc5 a5 53.
Kf2 Qg7 54. h5 Rc8 55. Rc1 gxh5 56. Qxh5+ Kg8 57. g4 c5 58. gxf5 Kf8 59. Bxb7
1-0

[Event "Sparkassen-Open A"]
[Site "Heusenstamm, Martinsee"]
[Date "2015.11.28"]
[Round "5.41"]
[White "Konik, Michael"]
[Black "Cors, Heinz-Friedrich"]
[Result "1/2-1/2"]
[WhiteElo "2049"]
[BlackElo "1916"]
[PlyCount "73"]
[EventDate "2015.??.??"]
[WhiteTeam "SK Mainaschaff"]
[BlackTeam "Schachforum Darmstadt"]

1. e4 e5 2. Bc4 Nf6 3. Nc3 Nc6 4. d3 Bc5 5. f4 exf4 6. Bxf4 d6 7. Nf3 Bg4 8.
Qd2 Nd4 9. Rf1 Nxf3+ 10. gxf3 Bh3 11. Rh1 Be6 12. Bxe6 fxe6 13. d4 Bb4 14.
O-O-O Qd7 15. a3 Ba5 16. Rhg1 Rf8 17. Rg5 Bxc3 18. bxc3 O-O-O 19. Ra5 b6 20.
Rg5 Qf7 21. Be3 g6 22. Rgg1 Qd7 23. Qe2 Qc6 24. Kb2 Kb7 25. c4 d5 26. cxd5 exd5
27. e5 Nh5 28. Bg5 Rde8 29. Qd3 Rf5 30. Qb3 Ng7 31. Rd3 Ne6 32. Bf6 Rf4 33.
Rgd1 Qc4 34. c3 Qxb3+ 35. Kxb3 c5 36. Kb2 cxd4 37. cxd4 1/2-1/2

[Event "Sparkassen-Open A"]
[Site "Heusenstamm, Martinsee"]
[Date "2015.11.28"]
[Round "5.42"]
[White "Trumpp, Lothar"]
[Black "Foskanyan, Serzhik"]
[Result "1-0"]
[WhiteElo "2049"]
[BlackElo "1911"]
[PlyCount "113"]
[EventDate "2015.??.??"]
[WhiteTeam "VSG Offenbach"]
[BlackTeam "SV Mainz-Mombach"]

1. Nc3 c5 2. Nf3 Nc6 3. e4 e6 4. a4 d5 5. d3 d4 6. Ne2 e5 7. Ng3 Nf6 8. Be2 Be7
9. O-O O-O 10. Nd2 Be6 11. b3 a6 12. Nc4 b5 13. Nd2 Qc7 14. Nf3 Rfc8 15. Ng5
Bd7 16. f4 Bd6 17. Nf5 Bxf5 18. fxe5 Bxe5 19. Rxf5 Bxh2+ 20. Kh1 Ne7 21. Rf1
Ng6 22. Bg4 Nxg4 23. Qxg4 f6 24. Qe6+ Kh8 25. Nf7+ Kg8 26. Ne5+ Kh8 27. Nxg6+
hxg6 28. Rf3 Bg3 29. Qh3+ Kg8 30. Qxg3 Qxg3 31. Rxg3 g5 32. axb5 axb5 33. Rb1
Ra2 34. Bb2 Rd8 35. Rf3 c4 36. dxc4 bxc4 37. bxc4 Ra4 38. Rd3 Rxc4 39. c3 Re8
40. Rxd4 Rxe4 41. Rbd1 Kf7 42. Rxc4 Rxc4 43. Rd7+ Kg6 44. Kg1 f5 45. Kf2 g4 46.
Kg3 Kf6 47. Rd4 Rc6 48. Kf2 g5 49. Ke2 Rb6 50. Rd2 f4 51. c4+ Kf5 52. c5 Rb3
53. c6 f3+ 54. gxf3 gxf3+ 55. Kf2 g4 56. c7 g3+ 57. Kxg3 1-0

[Event "Sparkassen-Open A"]
[Site "Heusenstamm, Martinsee"]
[Date "2015.11.28"]
[Round "5.43"]
[White "Berberich, Christoph"]
[Black "Kube, Jens"]
[Result "1/2-1/2"]
[WhiteElo "2037"]
[BlackElo "1890"]
[PlyCount "81"]
[EventDate "2015.??.??"]
[WhiteTeam "SK Freiburg-Zähringen 1887"]
[BlackTeam "SC Steinbach"]

1. d4 d5 2. Nf3 Bf5 3. c4 e6 4. Nc3 Nf6 5. g3 Bb4 6. Qa4+ Nc6 7. Bg2 O-O 8. O-O
Bxc3 9. bxc3 Qd7 10. c5 Ne5 11. Qxd7 Nxf3+ 12. Bxf3 Nxd7 13. g4 Bg6 14. h4 f6
15. h5 Bc2 16. Bf4 Rac8 17. Rfc1 Ba4 18. e4 Bc6 19. exd5 Bxd5 20. Bxd5 exd5 21.
Re1 Kf7 22. a4 b6 23. cxb6 cxb6 24. a5 b5 25. Bd6 Rfe8 26. a6 Rxe1+ 27. Rxe1
Re8 28. Rb1 Re6 29. Bc5 Nxc5 30. dxc5 Rxa6 31. Rxb5 Rc6 32. Rb7+ Kg8 33. Rxa7
Rxc5 34. Ra3 Kf7 35. f3 g6 36. Ra7+ Kg8 37. hxg6 hxg6 38. Ra3 Kf7 39. Kf2 g5
40. Ke3 Rc4 41. Kd3 1/2-1/2

[Event "Sparkassen-Open A"]
[Site "Heusenstamm, Martinsee"]
[Date "2015.11.28"]
[Round "5.44"]
[White "Junker, Christian"]
[Black "Hinrichs, Niklas"]
[Result "1/2-1/2"]
[WhiteElo "2016"]
[BlackElo "1884"]
[PlyCount "95"]
[EventDate "2015.??.??"]
[WhiteTeam "SV Neu-Isenburg"]
[BlackTeam "SK Bingen"]

1. Nf3 d5 2. g3 c5 3. d3 b6 4. Bg2 Bb7 5. Nbd2 Nf6 6. O-O e6 7. Re1 Be7 8. e3
O-O 9. Qe2 Nc6 10. e4 dxe4 11. dxe4 Nb4 12. e5 Nd7 13. Nf1 Ba6 14. c4 Bb7 15.
h4 h6 16. N1h2 Qc7 17. Bf4 Rad8 18. a3 Nc6 19. Qe3 a6 20. Rac1 b5 21. g4 Qb6
22. cxb5 axb5 23. g5 h5 24. g6 Qa6 25. Bg5 c4 26. Bh3 Bc5 27. Qf4 Rde8 28. Rcd1
Nb6 29. Qg3 Nd5 30. Bc1 Qa7 31. Re2 b4 32. axb4 Ncxb4 33. Ng5 Bc8 34. gxf7+
Rxf7 35. Nxf7 Qxf7 36. Be3 Be7 37. Ra1 Ba6 38. Rd2 c3 39. bxc3 Nxc3 40. Bg2
Ne2+ 41. Rxe2 Bxe2 42. Be4 Bd3 43. Bxd3 Nxd3 44. Ra7 Nb4 45. Nf3 Nd5 46. Bg5
Qf5 47. Bxe7 Nxe7 48. Kg2 1/2-1/2

[Event "Sparkassen-Open A"]
[Site "Heusenstamm, Martinsee"]
[Date "2015.11.28"]
[Round "5.45"]
[White "Dickmann, Thomas"]
[Black "Haftmann, Rainer"]
[Result "1-0"]
[WhiteElo "2013"]
[BlackElo "1866"]
[PlyCount "119"]
[EventDate "2015.??.??"]
[WhiteTeam "SV Wesel"]
[BlackTeam "SG Dietzenbach"]

1. e4 e5 2. Nf3 Nc6 3. Bb5 a6 4. Bxc6 dxc6 5. O-O f6 6. d4 exd4 7. Nxd4 c5 8.
Nb3 Qxd1 9. Rxd1 Bd7 10. Be3 b6 11. Nc3 O-O-O 12. a4 a5 13. Nd2 Ne7 14. Nc4 g5
15. e5 Bg7 16. exf6 Bxf6 17. Ne4 Rdf8 18. Nxf6 Rxf6 19. Bxg5 Re6 20. Re1 Nf5
21. Rxe6 Bxe6 22. Ne3 Rg8 23. Bf4 Nd4 24. Be5 Nf3+ 25. Kf1 Nxe5 26. f4 Nc4 27.
Nxc4 Bxc4+ 28. Kf2 Bd5 29. g3 c4 30. Re1 Kd7 31. Re5 c6 32. c3 Re8 33. Rh5 Re7
34. g4 Re4 35. Rxh7+ Kd6 36. Rh6+ Ke7 37. Kg3 Re3+ 38. Kh4 Kf7 39. Kg5 Re8 40.
Rh7+ Kg8 41. Rb7 Re2 42. h4 Rxb2 43. Kg6 Kf8 44. h5 Re2 45. f5 Re8 46. h6 Kg8
47. Rxb6 Rf8 48. Ra6 Kh8 49. g5 Rg8+ 50. Kh5 Rf8 51. Kg4 Re8 52. g6 Rg8 53. Kg5
Re8 54. Rxa5 Kg8 55. Ra7 Kh8 56. Rc7 Ra8 57. a5 Be4 58. a6 Bd5 59. a7 Bg8 60.
h7 1-0

[Event "Sparkassen-Open A"]
[Site "Heusenstamm, Martinsee"]
[Date "2015.11.28"]
[Round "5.46"]
[White "Schneider, Johannes"]
[Black "Eg, Karlheinz"]
[Result "1-0"]
[WhiteElo "1998"]
[BlackElo "1861"]
[PlyCount "113"]
[EventDate "2015.??.??"]
[WhiteTeam "SV Mainz-Mombach"]
[BlackTeam "SV Rüsselsheim"]

1. e4 e5 2. Nf3 Nc6 3. Bb5 a6 4. Ba4 Nf6 5. O-O Be7 6. Re1 b5 7. Bb3 O-O 8. c3
d6 9. h3 Na5 10. Bc2 c5 11. d4 Qc7 12. d5 c4 13. Nbd2 Bd7 14. Nf1 Nb7 15. N3h2
g6 16. Bh6 Rfe8 17. Ng3 Kh8 18. Nf3 Ng8 19. Be3 Rf8 20. Qd2 Nc5 21. Rad1 a5 22.
Nxe5 f6 23. Nxd7 Nxd7 24. f4 Rfb8 25. a3 Bf8 26. Bd4 Bg7 27. Qf2 b4 28. axb4
axb4 29. cxb4 Rxb4 30. Ra1 Rab8 31. Ra7 R4b7 32. Rea1 h6 33. Qf3 Nc5 34. Rxb7
Rxb7 35. f5 Nb3 36. Bxb3 Rxb3 37. Qf2 g5 38. Nh5 Qf7 39. Nxg7 Kxg7 40. Ra7 Rb7
41. Rxb7 Qxb7 42. Bc3 h5 43. Qe2 Qa7+ 44. Kh2 h4 45. Qxc4 Qe3 46. Bd4 Qxe4 47.
b4 g4 48. hxg4 Qxg4 49. Qd3 Nh6 50. b5 Nxf5 51. Bf2 Qf4+ 52. Kg1 Ng3 53. Qe3
Qg4 54. Qf3 Qg5 55. Kh2 Nf1+ 56. Kh3 Nd2 57. Qg4 1-0

[Event "Sparkassen-Open A"]
[Site "Heusenstamm, Martinsee"]
[Date "2015.11.28"]
[Round "5.47"]
[White "Harringer, Manfred"]
[Black "Ciesla, Daniel"]
[Result "1-0"]
[WhiteElo "1995"]
[BlackElo "1848"]
[PlyCount "41"]
[EventDate "2015.??.??"]
[WhiteTeam "Bergische SF"]
[BlackTeam "SG Hermeskeil"]

1. e4 d6 2. d4 Nf6 3. Nc3 c6 4. Nf3 Bg4 5. h3 Bxf3 6. Qxf3 e6 7. Be3 Be7 8.
O-O-O Nbd7 9. g4 h6 10. h4 Ng8 11. Qg3 Nb6 12. Be2 Qc7 13. g5 h5 14. Bf1 O-O-O
15. Bh3 d5 16. Qf3 Bb4 17. Bf4 Qe7 18. a3 Bxc3 19. Qxc3 f6 20. Qa5 Nd7 21. Qc7#
1-0

[Event "Sparkassen-Open A"]
[Site "Heusenstamm, Martinsee"]
[Date "2015.11.28"]
[Round "5.48"]
[White "Westphal, Norbert"]
[Black "Lasschuit, Rene"]
[Result "1-0"]
[WhiteElo "1987"]
[BlackElo "1726"]
[PlyCount "71"]
[EventDate "2015.??.??"]
[WhiteTeam "BSV Chemie Radebeul"]
[BlackTeam "SV Berolina Mitte"]

1. Nf3 c5 2. g3 Nc6 3. Bg2 d5 4. O-O Nf6 5. b3 e5 6. d3 Be7 7. Bb2 Qc7 8. Nbd2
O-O 9. Ne1 Be6 10. a3 b5 11. e3 Rab8 12. f4 exf4 13. gxf4 Bg4 14. Bf3 Bxf3 15.
Qxf3 Qd7 16. Kh1 Qg4 17. Qf2 Rbd8 18. Rg1 Qh5 19. Rg5 Qh6 20. Qg2 Rd6 21. Nef3
Ne8 22. Rg3 Rg6 23. Rg1 Rxg3 24. Qxg3 Bf6 25. Ne5 Nxe5 26. fxe5 Be7 27. Qf3 Nc7
28. Nf1 f6 29. Qg2 Kh8 30. Ng3 Qg5 31. Nf5 Qxg2+ 32. Rxg2 Rf7 33. Nxe7 Rxe7 34.
exf6 Rxe3 35. Rxg7 Ne6 36. f7 1-0

[Event "Sparkassen-Open A"]
[Site "Heusenstamm, Martinsee"]
[Date "2015.11.28"]
[Round "5.49"]
[White "Mueller, Thorsten"]
[Black "Zeller, Frank"]
[Result "0-1"]
[WhiteElo "2112"]
[BlackElo "2392"]
[PlyCount "86"]
[EventDate "2015.??.??"]
[WhiteTeam "VSG Offenbach"]
[BlackTeam "SK Schwäbisch Hall"]

1. d4 Nf6 2. Nf3 e6 3. Bf4 d6 4. e3 h6 5. Bd3 Nh5 6. Bg3 Nd7 7. Bh4 g5 8. Nfd2
Ndf6 9. Bg3 Bg7 10. Nc3 Bd7 11. Bxd6 cxd6 12. g4 e5 13. gxh5 exd4 14. exd4 O-O
15. Nc4 Re8+ 16. Ne3 Ng4 17. Qf3 Bxd4 18. O-O-O Nxe3 19. fxe3 Rxe3 20. Qd5 Be5
21. Rhf1 Be6 22. Qxb7 Qc8 23. Qxc8+ Rxc8 24. Ne4 Bxh2 25. Nf6+ Kg7 26. Ba6 Rb8
27. Nd5 Re4 28. Nc3 Bf4+ 29. Kb1 Reb4 30. b3 Be5 31. Nd5 Rh4 32. Be2 Rc8 33.
Ne7 Rc3 34. Nf5+ Bxf5 35. Rxf5 g4 36. Rdf1 f6 37. Bd3 g3 38. Rg1 Kf7 39. Kc1 d5
40. Kd1 Rh2 41. a4 Ke6 42. Rf3 Rxh5 43. Re1 Rg5 0-1

[Event "Sparkassen-Open A"]
[Site "Heusenstamm, Martinsee"]
[Date "2015.11.28"]
[Round "5.50"]
[White "Klebs, Sebastian"]
[Black "Köllner, Ruben Gideon"]
[Result "0-1"]
[WhiteElo "1828"]
[BlackElo "1985"]
[PlyCount "94"]
[EventDate "2015.??.??"]
[WhiteTeam "Karlsruher SF"]
[BlackTeam "SV Bergneustadt/Derschlag"]

1. e4 d6 2. d4 Nf6 3. Nc3 e5 4. Nf3 exd4 5. Nxd4 Be7 6. Bc4 O-O 7. O-O a6 8. a4
Nc6 9. Nxc6 bxc6 10. Qd3 Nd7 11. f4 Bf6 12. Be3 Re8 13. Bd4 Bb7 14. Rae1 Bxd4+
15. Qxd4 Qe7 16. a5 Rad8 17. Qf2 Qf8 18. h3 Re7 19. Re2 d5 20. Bd3 Ree8 21. e5
Qc5 22. Qxc5 Nxc5 23. Rfe1 Bc8 24. Kf2 g6 25. g4 Ne6 26. Kg3 c5 27. Rf2 c4 28.
Bf1 Nc5 29. Bg2 Bb7 30. Rd2 d4 31. Ne4 Bxe4 32. Bxe4 Nxe4+ 33. Rxe4 c5 34. Kf3
Rb8 35. c3 Rb3 36. Kg2 dxc3 37. bxc3 Rxc3 38. Rd6 Rb8 39. Re2 Rcb3 40. Rxa6 c3
41. Rc6 Rb2 42. Kf2 R8b5 43. a6 c2 44. a7 c1=Q 45. a8=Q+ Kg7 46. Rf6 Rxe2+ 47.
Kxe2 Qc2+ 0-1

[Event "Sparkassen-Open A"]
[Site "Heusenstamm, Martinsee"]
[Date "2015.11.28"]
[Round "5.51"]
[White "Theuer, Carsten"]
[Black "Schmidt, Markus a"]
[Result "1-0"]
[WhiteElo "1788"]
[BlackElo "2118"]
[PlyCount "45"]
[EventDate "2015.??.??"]
[WhiteTeam "VSG Offenbach"]
[BlackTeam "SK Turm Bad Hersfeld"]

1. e4 e5 2. Nf3 Nc6 3. Bc4 Bc5 4. d3 Nf6 5. Nc3 d6 6. h3 a6 7. a3 h6 8. b4 Ba7
9. O-O O-O 10. Be3 Nd4 11. Bxd4 exd4 12. Ne2 c5 13. Qd2 b5 14. Ba2 Bb7 15. Ng3
Nd7 16. Nf5 Ne5 17. Nh2 Rc8 18. f4 Ng6 19. Nf3 Qf6 20. Nh2 c4 21. Ng4 Qe6 22.
Nxg7 Kxg7 23. f5 1-0

[Event "Sparkassen-Open A"]
[Site "Heusenstamm, Martinsee"]
[Date "2015.11.28"]
[Round "5.52"]
[White "Kalepky, Helmut"]
[Black "Jordake, Michael"]
[Result "1-0"]
[WhiteElo "2064"]
[BlackElo "1810"]
[PlyCount "53"]
[EventDate "2015.??.??"]
[WhiteTeam "SF Heidesheim"]
[BlackTeam "SC Bergen-Enkheim"]

1. d4 Nf6 2. c4 e5 3. dxe5 Ng4 4. Nf3 Nc6 5. Bg5 Be7 6. Bf4 Bb4+ 7. Nbd2 Qe7 8.
e3 Ncxe5 9. Nxe5 Nxe5 10. Be2 b6 11. O-O Bxd2 12. Qxd2 Bb7 13. Qc3 f6 14. Rfd1
O-O-O 15. b4 d6 16. a4 h5 17. Bxe5 Qxe5 18. Qb3 Qg5 19. Bf1 h4 20. h3 Rhe8 21.
a5 d5 22. axb6 axb6 23. c5 Re6 24. Rd4 Qe5 25. Qa4 bxc5 26. bxc5 Ra6 27. Bxa6
1-0

[Event "Sparkassen-Open A"]
[Site "Heusenstamm, Martinsee"]
[Date "2015.11.28"]
[Round "5.54"]
[White "Falkenhainer, Sven"]
[Black "Cichy, Michael"]
[Result "1/2-1/2"]
[WhiteElo "1736"]
[BlackElo "1957"]
[PlyCount "27"]
[EventDate "2015.??.??"]
[WhiteTeam "SC Bergen-Enkheim"]
[BlackTeam "SC BS Gliesmarode"]

1. e4 c5 2. b3 e6 3. Bb2 a6 4. f4 Nc6 5. Nf3 Nf6 6. d3 Be7 7. Be2 O-O 8. O-O d5
9. e5 Ng4 10. Bc1 f5 11. h3 Nh6 12. c3 Bd7 13. Na3 Nf7 14. Nc2 1/2-1/2